الطب الأمبريالي و المجتمعات المحلية / (رقم التسجيلة. 37762)

تفاصيل مارك
000 -LEADER
fixed length control field 00783nam a22002297a 4500
005 - DATE AND TIME OF LATEST TRANSACTION
control field 20251108170026.0
008 - FIXED-LENGTH DATA ELEMENTS--GENERAL INFORMATION
fixed length control field 250721s1998 xx 000 0 ara d
020 ## - INTERNATIONAL STANDARD BOOK NUMBER
International Standard Book Number 9990600090
082 14 - DEWEY DECIMAL CLASSIFICATION NUMBER
Classification number 610.940/طب
100 1# - MAIN ENTRY--PERSONAL NAME
Personal name أرنولد، دافيد
Relator term محرر
245 10 - TITLE STATEMENT
Title الطب الأمبريالي و المجتمعات المحلية /
264 1# - PRODUCTION, PUBLICATION, DISTRIBUTION, MANUFACTURE, AND COPYRIGHT NOTICE
Place of production, publication, distribution, manufacture الكويت :
Name of producer, publisher, distributor, manufacturer عالم المعرفة،
Date of production, publication, distribution, manufacture, or copyright notice 1998.
300 ## - PHYSICAL DESCRIPTION
Extent 335ص
490 0# - SERIES STATEMENT
Series statement عالم المعرفة : سلسلة كتب ثقافية شهرية يصدرها المجلس الوطني ......... ؛236
650 17 - SUBJECT ADDED ENTRY--TOPICAL TERM
Topical term or geographic name as entry element الطب
650 17 - SUBJECT ADDED ENTRY--TOPICAL TERM
Topical term or geographic name as entry element التاريخ
650 17 - SUBJECT ADDED ENTRY--TOPICAL TERM
Topical term or geographic name as entry element الإستعمار
650 17 - SUBJECT ADDED ENTRY--TOPICAL TERM
Topical term or geographic name as entry element الإمبريالية
700 1# - ADDED ENTRY--PERSONAL NAME
Personal name فهمي، مصطفى
Relator term ترجمة
942 ## - ADDED ENTRY ELEMENTS (KOHA)
Source of classification or shelving scheme Dewey Decimal Classification
Koha item type كتب
المقتنيات
حالة السحب حالة الفقدان مصدر التصنيف حالة التلف غير قابل للإعارة المكتبة الرئيسية المكتبة الحالية موقع الرف تاريخ التزويد الرقم المتسلسل Total Checkouts رقم الإستدعاء الباركود تاريخ آخر ظهور تاريخ الفاتورة نوع المادة (كوها)
    Dewey Decimal Classification     المكتبة المركزية المكتبة المركزية الإعارة 06/07/2004 311823   610.940/طب 311823 28/07/2025 06/07/2004 كتب
    Dewey Decimal Classification     مكتبة البشائر للأطفال مكتبة البشائر للأطفال الإعارة 16/05/2015 [526981]   610.940/طب PLD00324344 28/07/2025 16/05/2015 كتب
    Dewey Decimal Classification     مكتبة أم قصير والمقابلين العامة مكتبة أم قصير والمقابلين العامة الإعارة 28/07/2025 311832   610.940/طب 311832 28/07/2025 28/07/2025 كتب
    Dewey Decimal Classification Unchecked   مكتبة الجويدة مكتبة الجويدة الإعارة 28/07/2025 311828   610.940/طب   28/07/2025 28/07/2025 كتب
    Dewey Decimal Classification     مكتبة الحسن العامة مكتبة الحسن العامة الإعارة 06/07/2004 311829   610.940/طب 311829 28/07/2025 06/07/2004 كتب
    Dewey Decimal Classification     مكتبة حمزة العامة مكتبة حمزة العامة الإعارة 11/01/2016 311830   610.940/طب PLD00368659 28/07/2025 11/01/2016 كتب
    Dewey Decimal Classification     مكتبة صويلح العامة مكتبة صويلح العامة الإعارة 12/06/2019 311825   610.940/طب PLD00453911 28/07/2025 12/06/2019 كتب
Implemented & Customized by: BBB with SCIT (Smart Chains for Information Technology)

Powered by Koha